KOMU A-Z Quiz Stats

 Plays Quiz not verified by Sporcle

Challenge
Share
Tweet
Embed
Score 0/26 Timer 10:00
0 Plays Today
Hint Answer % Correct
Anchor who often hosts garage sales at KOMUAngie Bailey
90.1%
This anchor has a pet parrot named SkipperJim Riek
85.9%
Gets a 3:30 block of time in each newscastweather
81%
Says 'this isn't sexy enough...make it sexier'Kent Collins
79.6%
Wow, Dave/Eric/Michelle...you really ______ that forecastnailed
78.9%
Reporting live from Columbia, Jenny Lee, KOMU 8 News (what is this)outcue
78.2%
Served as a temporary studio blue room
76.1%
'This is not a _________, I have forwarded the e-mail below from my account to yours'listserv
75.4%
Megan Murphy has the key to a city that resides inCallaway county
74.6%
Who used to anchor the noon show before it was online?Megan Murphy
74.6%
Where is the annual RTDNA conference held?Vegas
74.6%
Hails from Belize City, BelizeHolly Edgell
72.5%
KOMU 8 _____ at five...starts nowfirst
71.8%
Hint Answer % Correct
Custom complete automotive _________unbeatable
71.1%
Old door code (since I can't think of anything for x and it kind of looks like the star you push at the end)8888
69.7%
____ and schmeko (spits out graphics)deko
69%
Floor director for 5 and 6 (usually seen sporting a crew neck sweatshirt)Roger
67.6%
Render effects to the.... z drive
66.9%
Franchise most likely to feature people pretending to work in the backgroundYour View
64.1%
Top of show...roll _______thunder
62%
Sarah and Scott's favorite story serieshonor flight
57.7%
Where red, black, and green mean very different thingsinews
57.7%
This guy has a secret identity: S.O.SGreeley Kyle
56.3%
Always delete these from the headline in ACMp's
49.3%
Where teen mom is never erasedquote board
47.2%
Currently buying drinks for senators in DCskurnik
44.4%

You're not logged in!

Compare scores with friends on all Sporcle quizzes.
Join for Free
OR
Log In

You Might Also Like...

Show Comments

Extras

Created Dec 7, 2009ReportFavoriteNominate
Tags:Letter Quiz, A-Z

Top Quizzes Today


Score Distribution

Your Account Isn't Verified!

In order to create a playlist on Sporcle, you need to verify the email address you used during registration. Go to your Sporcle Settings to finish the process.

Report this User

Report this user for behavior that violates our Community Guidelines.

Details: